Supreme dictionary of biology / (Record no. 78746)

MARC details
000 -LEADER
fixed length control field 00501nam a22001817a 4500
005 - DATE AND TIME OF LATEST TRANSACTION
control field 20130830123729.0
010 ## - LCCN (DPL NO)
LC control number ENG-108353
020 ## - INTERNATIONAL STANDARD BOOK NUMBER
Terms of availability 200.00
035 ## - SYSTEM CONTROL NUMBER
System control number EN-91886
037 ## - SOURCE OF ACQUISITION
Source of stock number/acquisition DBAD/PUB
082 ## - DEWEY DECIMAL CLASSIFICATION NUMBER
Classification number 574.03
100 ## - MAIN ENTRY--PERSONAL NAME
Personal name Arora
245 ## - TITLE STATEMENT
Title Supreme dictionary of biology /
Statement of responsibility, etc by Arora
260 ## - PUBLICATION, DISTRIBUTION, ETC. (IMPRINT)
Place of publication, distribution, etc Delhi
Name of publisher, distributor, etc Kalra Publications
Date of publication, distribution, etc 2010-11
270 ## - ADDRESS
Address 2619-20/3, New Market, Nai Sarak,
City Delhi
Postal code 110006
300 ## - PHYSICAL DESCRIPTION
Extent 246p. :
Other physical details ill.
Dimensions 22cm(Hb)
942 ## - ADDED ENTRY ELEMENTS (KOHA)
Source of classification or shelving scheme Dewey Decimal Classification
Item type English Books
Classification part 574.03
Call number suffix ARO
Holdings
Withdrawn status Lost status Not for loan Collection code Home library Current library Date acquired Source of acquisition Cost, normal purchase price Full call number Barcode Copy number Cost, replacement price Koha item type
    Not For Loan Non-fiction D.B.Act.Division D.B.Act.Division 23/08/2013 DBAD / PUB 200.00 574.03 ARO EN-91886 1 200.00 English Books

© Delhi Public Library
Hit Counter
free hit counter